Statistiques concernant Culture Générale - Série 1248

Cliquez ici pour prendre le quiz!

Statistiques générales

  • Ce quiz a été pris 75 fois
  • Le résultat moyen est 4 sur 10

Statistiques - réponses

QuestionRéponse% Correct
Selon l'expression, à quel insecte une personne inoffensive ne ferait-elle pas de mal ?mouche
94%
Dans la fable de La Fontaine, quel batracien veut se faire aussi grosse qu'un boeuf ?grenouille
91%
A quel gastéropode sans coquille compare-t-on une personne molle et sans énergie ?limace
86%
Quel joueur de tennis suédois a remporté le tournoi de Wimbledon de 1976 à 1980 ?Björn Borg
61%
À quel peintre doit-on le "Bal au Moulin de la Galette”, en 1876 ?Auguste Renoir
33%
A quel romancier francais doit-on "Le Mystère de la chambre jaune" ?Gaston Leroux
29%
Dans quelle série le profiler Aaron Hotchner et son équipe tentent-ils de percer les pensées des tueurs en série ?Esprits criminels
28%
De quelle ancienne province française le futur Louis XVI était-il duc ?Berry
13%
Quel nom porte le stade de football où évoluent les joueurs de l'U S Orléans ?stade de la Source
0%
Quel nom porte le stade de football où évoluent les joueurs de la Berrichonne de Châteauroux ?stade Gaston Petit
0%

Distribution des résultats

Percentile par nombre de réponses

% des personnes avec chaque résultat

Votre développement - résultats

Vous n’avez pas pris ce quiz